000
00277nam a2200121Ia 4500
008
190216s9999||||xx |||||||||||||| ||und||
100
_a
Akbar Kakkattil
245
0
_a
Aaram Kalam
260
_b
Poorna Pubs Kozhikode
_c
1999
300
_a
143p
650
_a
Kathakal
942
_c
BK
999
_c
27641
_d
27641